书目信息 |
| 题名: |
家庭自制营养果汁360种
|
|
| 作者: | 傅静仪 编著 | |
| 分册: | ||
| 出版信息: | 北京 金盾出版社 2016.03 |
|
| 页数: | 252页 | |
| 开本: | 26cm | |
| 丛书名: | ||
| 单 册: | ||
| 中图分类: | TS275.5 | |
| 科图分类: | ||
| 主题词: | 饮料--食品工业 , 冷冻食品--食品工业 | |
| 电子资源: | ||
| ISBN: | 978-7-5186-0679-5 | |
| 000 | 00672nam0 2200217 450 | |
| 001 | 1070 | |
| 005 | 20161008083752.16 | |
| 010 | @a978-7-5186-0679-5@b平装@dCNY28.00 | |
| 100 | @a20160830d2016 km y0chiy0120 ea | |
| 101 | 0 | @achi |
| 102 | @aCN@b110000 | |
| 200 | 1 | @a家庭自制营养果汁360种@Ajia ting zi zhi ying yang guo zhi 360 zhong@f傅静仪编著@Ffu jing yi bian zhu |
| 210 | @a北京@c金盾出版社@d2016.03 | |
| 215 | @a252页@d26cm | |
| 330 | @a蔬菜-饮料-制作 果汁饮料-制作 | |
| 606 | 0 | @a饮料@x食品工业 |
| 606 | 0 | @a冷冻食品@x食品工业 |
| 690 | @aTS275.5@v4 | |
| 701 | 0 | @a傅静仪@Afu jing yi@4编著 |
| 801 | 0 | @aCN@b唐山师范学院图书馆@c20160830 |
| 905 | @aZUCC@dTS275.5@e224 | |
| 家庭自制营养果汁360种/傅静仪编著.-北京:金盾出版社,2016.03 |
| 252页;26cm |
| ISBN 978-7-5186-0679-5(平装):CNY28.00 |
| 蔬菜-饮料-制作 果汁饮料-制作 |
| ● |
| 相关链接 |
|
|
|
|
正题名:家庭自制营养果汁360种
索取号:TS275.5/224
 
预约/预借
| 序号 | 登录号 | 条形码 | 馆藏地/架位号 | 状态 | 备注 |
| 1 | 906740 | 209067409 | 第二样本阅览室/ [索取号:TS275.5/224] | 在馆 | |
| 2 | 906741 | 209067418 | 第三借阅区/ [索取号:TS275.5/224] | 在馆 | |
| 3 | 906742 | 209067427 | 第三借阅区/ [索取号:TS275.5/224] | 在馆 | |
| 4 | 906743 | 209067436 | 第三借阅区/ [索取号:TS275.5/224] | 在馆 | |
| 5 | 906744 | 209067445 | 第三借阅区/ [索取号:TS275.5/224] | 在馆 |